000 00289nam a2200109 a 4500
005 20200930021627.0
008 101011s1996 000 spa d
020 _a8474325625
245 3 _aLa comunidad virtual: una sociedad sin fronteras.
260 _aBarcelona,
_c1996.
999 _c21957
_d21957
040 _aDO-SdBNP